Pojistné včera a dnes Znovu o sociálním a zdravotním pojištění

V r. 1993 - vyčlenenie zdravotného poistenia zo štátneho rozpočtu. Sociálne poistenie a daň z príjmov prechádza štátnym rozpočtom. Charakteristika nového poisťovacieho systému platného od 1.1.1993. Prepojenosť systému zdaňovania a systému poistného. Nedostatky novej daňovej a poisťovacej sústavy.

Guardado en:
Detalles Bibliográficos
Autor principal: Baštýř, I.
Otros Autores: Kotýnková, Magdaléna
Formato: Capítulo de libro
Lenguaje:checo
Materias:
Etiquetas: Agregar Etiqueta
Sin Etiquetas, Sea el primero en etiquetar este registro!

MARC

LEADER 00000naa a2200000 4500
001 r015476
005 20221205090013.8
041 0 |a cze 
044 |a CZ 
245 1 0 |a Pojistné včera a dnes  |b Znovu o sociálním a zdravotním pojištění  |c I. Baštýř, Magdalena Kotýnková 
520 |a V r. 1993 - vyčlenenie zdravotného poistenia zo štátneho rozpočtu. Sociálne poistenie a daň z príjmov prechádza štátnym rozpočtom. Charakteristika nového poisťovacieho systému platného od 1.1.1993. Prepojenosť systému zdaňovania a systému poistného. Nedostatky novej daňovej a poisťovacej sústavy. 
610 2 0 |a poistenie sociálne 
610 2 0 |a poistenie zdravotné 
610 2 0 |a dane z príjmov 
610 2 0 |a poistné 
100 1 |a Baštýř, I. 
700 1 |a Kotýnková, Magdaléna